Estatísticas para Senado Brasileiro

Clique aqui para jogar o quiz

Estatísticas Gerais

  • Esse quiz foi jogado 31 vezes
  • A pontuação média é 21 de 81

Estatísticas das Respostas

Estado / Partido Senador (a) % Correto
MG / PSDBAécio Neves
92%
RS / PPAna Amélia
85%
AL / PMDBRenan Calheiros
85%
RJ / PSBRomário
69%
RJ / PTLindbergh Farias
69%
PR / PTGleisi Hoffmann
69%
AL / PTCFernando Collor
69%
GO / DEMRonaldo Caiado
69%
ES / PRMagno Malta
62%
RS / PDTLasier Martins
62%
SP / PSDBAloysio Nunes Ferreira
62%
MG / PSDBAntonio Anastasia
54%
DF / PPSCristovam Buarque
54%
RS / PTPaulo Paim
54%
PB / PSDBCássio Cunha Lima
54%
RN / DEMJosé Agripino
54%
PE / PTHumberto Costa
54%
AP / REDERandolfe Rodrigues
46%
AM / PC do BVanessa Grazziotin
46%
CE / PSDBTasso Jereissati
38%
PR / PVAlvaro Dias
38%
PR / PMDBRoberto Requião
38%
DF / sem partidoReguffe
38%
MG / PTBZeze Perrella
38%
TO / PMDBKátia Abreu
38%
SP / PMDBMarta Suplicy
31%
RR / PMDBRomero Jucá
31%
BA / PSBLídice da Mata
31%
RN / PTFátima Bezerra
31%
PE / PTBArmando Monteiro
23%
AC / PSDSérgio Petecão
23%
SC / PSDBPaulo Bauer
23%
PA / PMDBJader Barbalho
23%
CE / PMDBEunício Oliveira
23%
MS / PMDBSimone Tebet
15%
MA / PMDBEdison Lobão
15%
RJ / PRBEduardo Lopes
15%
AL / PPBenedito de Lira
15%
CE / PTJosé Pimentel
15%
PI / PTRegina Sousa
15%
DF / PMDBHélio José
15%
PI / PPCiro Nogueira
15%
AP / PSBJoão Capiberibe
15%
RO / PPIvo Cassol
15%
ES / PSDBRicardo Ferraço
15%
RO / PMDBValdir Raupp
15%
ES / PMDBRose de Freitas
15%
AP / DEMDavi Alcolumbre
15%
RR / PDTTelmário Mota
15%
AM / PMDBEduardo Braga
15%
AM / PSDOmar Aziz
15%
SP / PSDBJosé Aníbal
15%
SC / PSDBDarilio Beber
15%
RO / PDTPastor Valadares
8%
SC / PMDBDário Berger
8%
TO / PSDBAtaídes Oliveira
8%
SE / PSBAntonio Carlos Valadares
8%
AC / PPGladson Camelli
8%
RN / PMDBGaribaldi Alves Filho
8%
PA / PSDBFlexa Ribeiro
8%
GO / PSBLúcia Vânia
8%
GO / PPWilder Morais
8%
MA / PSBRoberto Rocha
8%
MS / PMDBWaldemir Moka
8%
PI / PTBElmano Férrer
8%
TO / PRVicentinho Alves
8%
AC / PTJorge Vianna
8%
PA / PTPaulo Rocha
8%
PB / PMDBJosé Maranhão
8%
PB / PMDBRaimundo Lira
8%
MT / PRWellington Fagundes
0%
MT / PSDJosé Medeiros
0%
RR / PTÂngela Portela
0%
MS / PSCPedro Chaves
0%
SE / PSCEduardo Amorim
0%
SE / PSCVirginio de Carvalho
0%
MA / PMDBJoão Alberto Souza
0%
PE / PSBFernando Bezerra Coelho
0%
BA / PPRoberto Muniz
0%
BA / PSDOtto Alencar
0%
MT / PRCidinho Santos
0%

Distribuição das Pontuações

Percentil de Números Respondidos

Porcentagem de Pessoas com Cada Pontuação

Sua Pontuação Histórica

Você não jogou esse quiz